100 Plantas medicinales para tu salud / (Record no. 23048)

000 -CABECERA
fixed length control field 01051nam a22003017i 4500
003 - IDENTIFICADOR DEL NÚMERO DE CONTROL
control field AR-CdUCM
008 - DATOS DE LONGITUD FIJA--INFORMACIÓN GENERAL
fixed length control field 240916b20182018spa||||| |||| 00| 0 spa d
020 ## - NÚMERO INTERNACIONAL ESTÁNDAR DEL LIBRO
ISBN 978-84-17057-36-7
040 ## - FUENTE DE LA CATALOGACIÓN
Agencia/entidad que catalogó originalmente la obra MUNICIPALIDAD PROVINCIAL DEL CUSCO
Entidad que transcribió la catalogación BIBLIOTECA MUNICIPAL DEL CUSCO
082 ## - NÚMERO DE LA CLASIFICACIÓN DECIMAL DEWEY
No. de Clasificación 615.85 / A66
Notacion interna A66
100 ## - ENTRADA PRINCIPAL--NOMBRE DE PERSONA
Nombre Personal Ara Roldán, Alfredo
245 ## - MENCIÓN DE TÍTULO
Título 100 Plantas medicinales para tu salud /
260 ## - PUBLICACIÓN, DISTRIBUCIÓN, ETC.
Lugar de publicación, distribución, etc. España :
Nombre de la editorial, distribuidor, etc. Arcopress, S.L.
Fecha de publicación, distribución, etc. 2018
300 ## - DESCRIPCIÓN FÍSICA
Nº de Páginas Extensión 398 páginas. :
Dimensiones 22.5 cm.
500 ## - NOTA GENERAL
Bibliografía Bibliografía: página 398.
505 ## - NOTA DE CONTENIDO CON FORMATO
Nota de contenido formateada Fitoterapia -- Formas de aplicación y toma para administrar las plantas -- Normas de toma y dosificación -- Principios activos
650 ## - PUNTO DE ACCESO ADICIONAL DE MATERIA--TÉRMINO DE MATERIA
Descriptor Las plantas
9 (RLIN) 24134
650 ## - PUNTO DE ACCESO ADICIONAL DE MATERIA--TÉRMINO DE MATERIA
Descriptor Decocción
9 (RLIN) 50437
650 ## - PUNTO DE ACCESO ADICIONAL DE MATERIA--TÉRMINO DE MATERIA
Descriptor Maceración en frio
9 (RLIN) 50438
650 ## - PUNTO DE ACCESO ADICIONAL DE MATERIA--TÉRMINO DE MATERIA
Descriptor Compresas
9 (RLIN) 50439
650 ## - PUNTO DE ACCESO ADICIONAL DE MATERIA--TÉRMINO DE MATERIA
Descriptor Cataplasma
9 (RLIN) 50440
650 ## - PUNTO DE ACCESO ADICIONAL DE MATERIA--TÉRMINO DE MATERIA
Descriptor Planta en polvo
9 (RLIN) 50441
650 ## - PUNTO DE ACCESO ADICIONAL DE MATERIA--TÉRMINO DE MATERIA
Descriptor Extracto fluido
9 (RLIN) 50442
650 ## - PUNTO DE ACCESO ADICIONAL DE MATERIA--TÉRMINO DE MATERIA
Descriptor Extracto hidroglicerinado
9 (RLIN) 50443
942 ## - ELEMENTOS DE PUNTO DE ACCESO ADICIONAL (KOHA)
Fuente de clasificación
Tipo de item Libros-BMC
945 ## - PROCESAMIENTO DE INFORMACIÓN LOCAL (OCLC)
Catalogador pbj
AAAA-MM-DD - Fecha de ingreso o modificacion 2024-09-16
Holdings
Estado de retiro (separado) Fuente de clasificación o esquema de estanterías Estado dañado Ubicación Sala donde se ubica Nombre de la colección Fecha de adquisición o compra Fuente de adquisición Costo, precio normal en soles Signatura topográfica Código de Barras Última vez visto (Koha) Tipo de ítem (Koha)
No     Sala Ciencias Sala Ciencias Book Cart 2024-09-16 Donación 25.00 615.85 / A66 SC0000002394 2024-09-16 Libros-BMC

Powered by Koha